Remembrance day (Record no. 572199)

MARC details
000 -LEADER
fixed length control field 00452nam a22001817a 4500
008 - FIXED-LENGTH DATA ELEMENTS--GENERAL INFORMATION
fixed length control field 250613b |||||||| |||| 00| 0 eng d
020 ## - INTERNATIONAL STANDARD BOOK NUMBER
ISBN 9781847561039
Paper back/Hardbound pbk
041 ## - LANGUAGE CODE
Language code of text/sound track or separate title eng
082 ## - DEWEY DECIMAL CLASSIFICATION NUMBER
Classification number 823.92 FLE
100 ## - MAIN ENTRY--AUTHOR NAME
Personal name Fleming Leah
245 ## - TITLE STATEMENT
Title Remembrance day
Statement of responsibility, etc / Leah Fleming
250 ## - EDITION STATEMENT
Edition statement 1st ed
260 ## - PUBLICATION, DISTRIBUTION, ETC. (IMPRINT)
Place of publication London
Name of publisher Haper collins
Year of publication 2009
300 ## - PHYSICAL DESCRIPTION
Number of Pages 456p. :
Dimensions 21cm.
650 ## - SUBJECT ADDED ENTRY--TOPICAL TERM
Topical Term English fiction
942 ## - ADDED ENTRY ELEMENTS (KOHA)
Koha item type English Books
Holdings
Withdrawn status Lost status Damaged status Not for loan Home library Current library Shelving location Date acquired Full call number Accession Number Price effective from Koha item type
        Anna Centenary Library Anna Centenary Library 4TH FLOOR, B WING 13.06.2025 823.92 FLE 486126 13.06.2025 English Books

Find us on the map